000 00607cab a2200193 4500
001 ##L135026
008 060726n2006 000 0 eng u
035 _a(Sirsi) u135026
041 0 _aeng
100 1 _aHague, Cliff
245 0 0 _aThink global
_bact local
260 _c2006
490 0 _aScottish Planner
_v(112) September 2006, 9(1)
520 _aDiscusses the need for planners to recognise urban poverty as a current global challenge.
590 _aIKA031006
651 4 _aScotland
_y1999-
690 _aENVIRONMENTAL AND LAND CONSULTANCY-PLANNING AND DEVELOPMENT-PLANNING REFORM
942 _n0
999 _c77751
_d77751